000 00479nam a22002057a 4500
003 bpm
005 20260416111107.0
008 260416b |||||||| |||| 00| f spa d
020 _a9789872510909
024 _aS. C. C. / M. C. y E. M.:
040 _aAR-CtUCP
041 _aspa
080 _aCDU
100 _aO’Donnell Horacio
245 _aDespués
260 _aBuenos Aires
_bDoble Hache
_c2011
650 _aLiteratura - Novela
942 _cLIB
999 _c76651
_d76651